000 00531nam a2200181Ia 4500
008 100917s9999 xx 000 0 und d
082 _b32958
100 _aभावे पु. भा.
245 _aजादूचे पाणी
260 _bकुलकर्णी ग्रंथागार
_c1968
300 _a104
365 _b5
520 _aकादंबरी
630 _aजादूचे पाणी
650 _aकादंबरी
730 _aजादूचे पाणी
942 _cBOOK
999 _c638352
_d638349